BIBLIOTECA PODER JUDICIAL
Portal Judicial TDF

El arte de la administración / (Registro nro. 27)

000 -LEADER
fixed length control field 00557nam a22001817a 4500
003 - CONTROL NUMBER IDENTIFIER
control field OSt
005 - DATE AND TIME OF LATEST TRANSACTION
control field 20181001064346.0
008 - FIXED-LENGTH DATA ELEMENTS--GENERAL INFORMATION
fixed length control field 180227b xxu||||| |||| 00| 0 spa d
040 ## - CATALOGING SOURCE
Transcribing agency PJ
100 ## - ASIENTO PRINCIPAL - NOMBRE DE PERSONA
9 (RLIN) 20
Personal name Ordway, Tead
245 13 - MENCIÓN DE TÍTULO
Título propiamente dicho El arte de la administración /
Mención de responsabilidad, etc Tead Ordway; prólogo de Lawrence A. Appley.
260 ## - PUBLICATION, DISTRIBUTION, ETC. (IMPRINT)
Place of publication, distribution, etc Madrid :
Name of publisher, distributor, etc Instituto de Estudios Políticos,
Date of publication, distribution, etc 1964.
300 ## - DESCRIPCION FISICA
Extent 380 p. ;
490 ## - MENCION DE SERIE
Mención de Serie Estudios de Administración
Designación numérica/secuencial del volumen 34
650 #0 - ASIENTO SECUNDARIO DE MATERIA - TERMINO TEMATICO
Topical term or geographic name as entry element DERECHO ADMINISTRATIVO
9 (RLIN) 211
700 ## - ADDED ENTRY--PERSONAL NAME
9 (RLIN) 1433
Personal name Appley, Lawrence A.
Relator term prologuista
942 ## - ADDED ENTRY ELEMENTS (KOHA)
Source of classification or shelving scheme
Koha item type Libros
Existencias
Withdrawn status Lost status Source of classification or shelving scheme Damaged status Not for loan Permanent Location Current Location Date acquired Full call number Barcode Date last seen Price effective from Koha item type
          Biblioteca Poder Judicial Sur Biblioteca Poder Judicial Sur 2018-02-27 342.9 ORD 1628 2018-02-27 2018-02-27 Libros

12 de Octubre 789 Ushuaia - Tel:  54(02901)441571
Horario de Atención: 8.00 a 17.00 hs. 
bibliotecaush@justierradelfuego.gov.ar
koha@justierradelfuego.gov.ar
Seguinos en nuestras redes @bibliojustdf 

Con tecnología Koha